Dolgozói elégedettség mérése az NNG Kft.-nél szoftverfejlesztői- és tesztelői munkakört betöltők körében

Bibliográfiai részletek
Szerző: Nádasdi Nikolett
További közreműködők: Szászvári Dr. Karina Ágnes
Dokumentumtípus: Diplomadolgozat
Kulcsszavak:Dolgozói elégedettség
tesztelő
fejlesztő
Online Access:http://dolgozattar.uni-bge.hu/9654

MARC

LEADER 00000nta a2200000 i 4500
001 dolg9654
005 20161219173858.0
008 161219suuuu hu om 000 hun d
040 |a BGE Dolgozattár Repozitórium  |b hun 
041 |a hu 
100 1 |a Nádasdi Nikolett 
245 1 0 |a Dolgozói elégedettség mérése az NNG Kft.-nél szoftverfejlesztői- és tesztelői munkakört betöltők körében  |c Nádasdi Nikolett  |h [elektronikus dokumentum] 
246 1 1 |a Dolgozói elégedettség mérése az NNG Kft.-nél szoftverfejlesztői- és tesztelői munkakört betöltők körében 
695 |a Dolgozói elégedettség 
695 |a tesztelő 
695 |a fejlesztő 
700 1 |a Szászvári Dr. Karina Ágnes  |e ths 
856 4 0 |u http://dolgozattar.uni-bge.hu/9654/1/Szakdolgozat_N%C3%A1dasdi%20Nikolett_JASEYP.pdf  |z Dokumentum-elérés 
856 4 0 |u http://dolgozattar.uni-bge.hu/9654/7/N%C3%A1dasdi%20Nikolett.pdf  |z Dokumentum-elérés